| 000 | 00000nam##2200000za#4500 |
| 001 | 9.569873 |
| 003 | CaOODSP |
| 005 | 20210624181956 |
| 007 | cr ||||||||||| |
| 008 | 150406|1990||||xxc|||||o f|0| 0 eng|d |
| 040 | |aCaOODSP|beng |
| 043 | |an-cn--- |
| 086 | 1 |aNH18-1-2/54-1990E-PDF |
| 110 | 2 |aCanada Mortgage and Housing Corporation. |
| 245 | 10|aElderly homeowners turned renters : |h[electronic resource]|breasons for move, final report / |c[by] Hok Lin Leung. |
| 260 | |aOttawa - Ontario : |bCanada Mortgage and Housing Corporation |c[1990]. |
| 300 | |a248p.|breferences, tables |
| 490 | 1 |aResearch report |
| 590 | |a11-25-Supp|b2011-10-31 |
| 720 | 1 |aLeung, Hok-Lin |
| 830 | #0|aResearch report (Canada Mortgage and Housing Corporation : Online)|w(CaOODSP)9.506068 |
| 856 | 40|ahttp://publications.gc.ca|qPDF|s2.16 MB|uhttps://publications.gc.ca/collections/collection_2011/schl-cmhc/nh18-1-2/NH18-1-2-54-1990-eng.pdf |